[Event "European Rapid Championship 2021"]
[Site "Katowice"]
[Date "2021.12.19"]
[Round "9.28"]
[White "Redzisz, Michal"]
[Black "Rudnicki, Milosz"]
[Result "1-0"]
[WhiteElo "2257"]
[BlackElo "2200"]
[Annotator "NA"]
[PlyCount "123"]
[EventDate "2021.12.18"]
[EventType "swiss"]
[EventCountry "POL"]
[SourceTitle "playchess.com"]
[Source "ChessBase"]
[SourceQuality "1"]
[TimeControl "900+10"]

1. d4 {[%emt 0:00:02]} Nf6 {[%emt 0:00:03]} 2. c4 {[%emt 0:00:03]} e6 {[%emt 0:
00:02]} 3. Nc3 {[%emt 0:00:05]} Bb4 {[%emt 0:00:02]} 4. e3 {[%emt 0:00:01]} O-O
{[%emt 0:00:20]} 5. Nge2 {[%emt 0:00:02]} d5 {[%emt 0:00:40]} 6. a3 {[%emt 0:
00:01]} Be7 {[%emt 0:00:12]} 7. cxd5 {[%emt 0:00:01]} exd5 {[%emt 0:00:25]} 8.
Nf4 {[%emt 0:00:01]} c6 {[%emt 0:01:00]} 9. Bd3 {[%emt 0:00:14]} Re8 {[%emt 0:
00:32]} 10. O-O {[%emt 0:00:02]} Nbd7 {[%emt 0:00:02]} 11. f3 {[%emt 0:00:14]}
Nf8 {[%emt 0:00:03]} 12. Qc2 {[%emt 0:01:09]} Ne6 {[%emt 0:00:16]} 13. b4 {
[%emt 0:01:19]} Nxf4 {[%emt 0:00:27]} 14. exf4 {[%emt 0:00:01]} a5 {[%emt 0:00:
12]} 15. b5 {[%emt 0:00:33]} c5 {[%emt 0:00:07]} 16. dxc5 {[%emt 0:00:05]}
Bxc5+ {[%emt 0:00:49]} 17. Kh1 {[%emt 0:00:00]} b6 {[%emt 0:01:47]} 18. Na4 {
[%emt 0:00:41]} Bd4 {[%emt 0:00:06]} 19. Bb2 {[%emt 0:00:19]} Bxb2 {[%emt 0:00:
01]} 20. Qxb2 {[%emt 0:00:01]} Bb7 {[%emt 0:00:21]} 21. Qd4 {[%emt 0:00:08]}
Nd7 {[%emt 0:00:19]} 22. Bf5 {[%emt 0:00:34]} Rb8 {[%emt 0:03:08]} 23. Rad1 {
[%emt 0:01:48]} Ba8 {[%emt 0:00:29]} 24. Bxd7 {[%emt 0:00:06]} Qxd7 {[%emt 0:
00:02]} 25. Nxb6 {[%emt 0:00:14]} Qxb5 {[%emt 0:00:10]} 26. Nxa8 {[%emt 0:00:
28]} Rxa8 {[%emt 0:00:03]} 27. Qxd5 {[%emt 0:00:23]} Qa4 {[%emt 0:02:32]} 28.
Qd6 {[%emt 0:01:02]} Re6 {[%emt 0:00:06]} 29. Qc5 {[%emt 0:02:03]} Qxf4 {
[%emt 0:00:22]} 30. Qxa5 {[%emt 0:00:17]} Qb8 {[%emt 0:00:56]} 31. Qb4 {
[%emt 0:01:15]} Rb6 {[%emt 0:01:17]} 32. Qe7 {[%emt 0:00:42]} Re6 {[%emt 0:00:
56]} 33. Qb4 {[%emt 0:03:34]} Rb6 {[%emt 0:00:06]} 34. Qe7 {[%emt 0:00:02]} Re6
{[%emt 0:00:01]} 35. Qc5 {[%emt 0:00:49]} Rea6 {[%emt 0:00:35]} 36. Rd3 {
[%emt 0:00:34]} Ra5 {[%emt 0:01:41]} 37. Qb4 {[%emt 0:00:38]} Qa7 {[%emt 0:00:
30]} 38. Rfd1 {[%emt 0:00:18]} h6 {[%emt 0:00:08]} 39. Rd8+ {[%emt 0:01:07]}
Kh7 {[%emt 0:00:23]} 40. Qe4+ {[%emt 0:00:05]} f5 {[%emt 0:00:01]} 41. Qxa8
Qxa8 {[%emt 0:00:02]} 42. Rxa8 {[%emt 0:00:08]} Rxa8 {[%emt 0:00:01]} 43. Ra1 {
[%emt 0:00:00]} Ra4 {[%emt 0:00:03]} 44. Kg1 {[%emt 0:00:01]} Kg6 {[%emt 0:00:
01]} 45. Kf2 {[%emt 0:00:03]} Kf6 {[%emt 0:00:00]} 46. Ke3 {[%emt 0:00:01]} Ke5
{[%emt 0:00:01]} 47. Ra2 {[%emt 0:00:21]} g5 {[%emt 0:00:19]} 48. Kd3 {[%emt 0:
00:13]} g4 {[%emt 0:01:13]} 49. fxg4 {[%emt 0:00:01]} fxg4 {[%emt 0:00:02]} 50.
Kc3 {[%emt 0:00:08]} Kd5 {[%emt 0:00:06]} 51. Kb3 {[%emt 0:00:04]} Ra8 {
[%emt 0:00:01]} 52. a4 {[%emt 0:00:05]} Kc5 {[%emt 0:00:16]} 53. a5 {[%emt 0:
00:45]} Ra6 {[%emt 0:00:14]} 54. Kc3 {[%emt 0:00:05]} h5 {[%emt 0:00:16]} 55.
g3 {[%emt 0:00:07]} h4 {[%emt 0:00:18]} 56. gxh4 {[%emt 0:00:08]} Kb5 {[%emt 0:
00:12]} 57. Kd4 {[%emt 0:00:09]} Kb4 {[%emt 0:00:01]} 58. Rb2+ {[%emt 0:00:47]}
Ka4 {[%emt 0:00:01]} 59. Ke4 {[%emt 0:00:26]} Rh6 {[%emt 0:00:06]} 60. a6 {
[%emt 0:00:13]} Ka3 {[%emt 0:00:07]} 61. a7 {[%emt 0:00:10]} Ra6 {[%emt 0:00:
31]} 62. Rb7 {[%emt 0:00:05]} 1-0

[Event "European Rapid Championship 2021"]
[Site "Katowice"]
[Date "2021.12.19"]
[Round "9.29"]
[White "Stanisz, Patryk"]
[Black "Wiewiora, Eneasz"]
[Result "1-0"]
[WhiteElo "2125"]
[BlackElo "2333"]
[Annotator "NA"]
[PlyCount "72"]
[EventDate "2021.12.18"]
[EventType "swiss"]
[EventCountry "POL"]
[SourceTitle "playchess.com"]
[Source "ChessBase"]
[SourceQuality "1"]
[TimeControl "900+10"]

1. Nf3 {[%emt 0:00:01]} Nf6 {[%emt 0:00:01]} 2. d4 {[%emt 0:00:04]} d5 {
[%emt 0:00:10]} 3. c4 {[%emt 0:00:02]} e6 {[%emt 0:00:01]} 4. Nc3 {[%emt 0:00:
01]} a6 {[%emt 0:00:05]} 5. cxd5 {[%emt 0:00:05]} exd5 {[%emt 0:00:02]} 6. Bf4
{[%emt 0:00:01]} Bd6 {[%emt 0:00:07]} 7. g3 {[%emt 0:00:05]} O-O {[%emt 0:00:
10]} 8. Bg2 {[%emt 0:00:33]} Bxf4 {[%emt 0:00:38]} 9. gxf4 {[%emt 0:00:01]} c6
{[%emt 0:00:14]} 10. Ne5 {[%emt 0:00:23]} Bf5 {[%emt 0:00:32]} 11. e3 {[%emt 0:
00:39]} Ne8 {[%emt 0:00:04]} 12. Qh5 {[%emt 0:03:07]} Nd6 {[%emt 0:00:15]} 13.
Qe2 {[%emt 0:02:18]} Re8 {[%emt 0:00:20]} 14. Bf3 {[%emt 0:01:15]} f6 {[%emt 0:
02:02]} 15. Nd3 {[%emt 0:00:01]} Nd7 {[%emt 0:00:18]} 16. Bg4 {[%emt 0:00:57]}
Qe7 {[%emt 0:00:48]} 17. O-O-O {[%emt 0:01:46]} a5 {[%emt 0:00:15]} 18. Kb1 {
[%emt 0:00:02]} a4 {[%emt 0:00:07]} 19. Bxf5 {[%emt 0:00:01]} Nxf5 {[%emt 0:00:
02]} 20. Qc2 {[%emt 0:00:26]} a3 {[%emt 0:02:52]} 21. b3 {[%emt 0:00:09]} Qe6 {
[%emt 0:01:05]} 22. Rhg1 {[%emt 0:00:17]} Re7 {[%emt 0:00:27]} 23. Ne2 {
[%emt 0:00:44]} b6 {[%emt 0:05:36]} 24. Ng3 {[%emt 0:00:47]} Nxg3 {[%emt 0:00:
02]} 25. Rxg3 {[%emt 0:00:01]} Rc8 {[%emt 0:00:06]} 26. Nb4 {[%emt 0:03:03]} c5
{[%emt 0:01:30]} 27. dxc5 {[%emt 0:00:02]} Rxc5 {[%emt 0:00:05]} 28. Qd3 {
[%emt 0:00:00]} Qe4 {[%emt 0:01:17]} 29. Qxe4 {[%emt 0:01:24]} dxe4 {[%emt 0:
00:01]} 30. Nc2 Ra5 {[%emt 0:00:36]} 31. Nd4 {[%emt 0:00:48]} Rd5 {[%emt 0:00:
08]} 32. Rc1 {[%emt 0:00:36]} Nc5 {[%emt 0:00:08]} 33. b4 {[%emt 0:00:46]} Nd3
{[%emt 0:00:01]} 34. Rc8+ {[%emt 0:00:01]} Kf7 {[%emt 0:00:01]} 35. f5 {
[%emt 0:00:09]} g5 {[%emt 0:00:36]} 36. h4 {[%emt 0:00:17]} Nxf2 1-0

[Event "European Rapid Championship 2021"]
[Site "Katowice"]
[Date "2021.12.19"]
[Round "9.29"]
[White "Kolesnikovs, Ivans"]
[Black "Sliwicka, Alicja"]
[Result "0-1"]
[WhiteElo "1962"]
[BlackElo "2303"]
[Annotator "NA"]
[PlyCount "54"]
[EventDate "2021.12.18"]
[EventType "swiss"]
[EventCountry "POL"]
[SourceTitle "playchess.com"]
[Source "ChessBase"]
[SourceQuality "1"]
[TimeControl "900+10"]

1. d4 {[%emt 0:00:03]} Nf6 {[%emt 0:00:01]} 2. c4 {[%emt 0:00:02]} c5 {[%emt 0:
00:02]} 3. Nf3 {[%emt 0:00:02]} cxd4 {[%emt 0:00:03]} 4. Nxd4 {[%emt 0:00:02]}
e5 {[%emt 0:00:02]} 5. Nb5 {[%emt 0:00:07]} d5 {[%emt 0:00:01]} 6. cxd5 {
[%emt 0:00:26]} Bc5 {[%emt 0:00:03]} 7. e3 {[%emt 0:00:52]} O-O {[%emt 0:00:04]
} 8. N5c3 {[%emt 0:00:22]} e4 {[%emt 0:00:06]} 9. Be2 {[%emt 0:00:15]} Bf5 {
[%emt 0:00:15]} 10. a3 {[%emt 0:00:13]} Nbd7 {[%emt 0:00:09]} 11. b4 {[%emt 0:
00:18]} Bd6 {[%emt 0:00:04]} 12. Bb2 {[%emt 0:00:04]} a6 {[%emt 0:01:54]} 13.
Nd2 {[%emt 0:00:06]} Ne5 {[%emt 0:00:21]} 14. Nc4 {[%emt 0:00:25]} Nxc4 {
[%emt 0:00:18]} 15. Bxc4 {[%emt 0:00:01]} Nd7 {[%emt 0:03:04]} 16. g4 {[%emt 0:
01:30]} Ne5 {[%emt 0:00:38]} 17. Be2 {[%emt 0:00:04]} Bg6 {[%emt 0:01:10]} 18.
h4 {[%emt 0:00:13]} h6 {[%emt 0:00:13]} 19. Qd4 {[%emt 0:01:39]} Rc8 {[%emt 0:
02:17]} 20. h5 {[%emt 0:01:06]} Bh7 {[%emt 0:00:02]} 21. Nxe4 {[%emt 0:00:02]}
Rc4 {[%emt 0:00:26]} 22. Nxd6 {[%emt 0:02:01]} Rxd4 {[%emt 0:00:03]} 23. exd4 {
[%emt 0:00:06]} Nd3+ {[%emt 0:00:47]} 24. Bxd3 {[%emt 0:00:04]} Bxd3 {[%emt 0:
00:01]} 25. Nf5 {[%emt 0:00:12]} Bxf5 {[%emt 0:00:50]} 26. gxf5 {[%emt 0:00:01]
} Re8+ {[%emt 0:00:01]} 27. Kf1 {[%emt 0:00:02]} Qxd5 {[%emt 0:00:06]} 0-1

[Event "European Rapid Championship 2021"]
[Site "Katowice"]
[Date "2021.12.19"]
[Round "9.30"]
[White "Nasuta, Grzegorz"]
[Black "Karpus, Michal"]
[Result "1-0"]
[WhiteElo "2345"]
[BlackElo "2185"]
[Annotator "NA"]
[PlyCount "91"]
[EventDate "2021.12.18"]
[EventType "swiss"]
[EventCountry "POL"]
[SourceTitle "playchess.com"]
[Source "ChessBase"]
[SourceQuality "1"]
[TimeControl "900+10"]

1. e4 {[%emt 0:00:02]} e5 {[%emt 0:00:01]} 2. Nf3 {[%emt 0:00:01]} Nc6 {
[%emt 0:00:02]} 3. d4 {[%emt 0:00:02]} exd4 {[%emt 0:00:02]} 4. Nxd4 {[%emt 0:
00:01]} Bc5 {[%emt 0:00:03]} 5. Nb3 {[%emt 0:00:02]} Bb6 {[%emt 0:00:03]} 6.
Nc3 {[%emt 0:00:01]} Nf6 {[%emt 0:00:44]} 7. Bg5 {[%emt 0:00:02]} h6 {[%emt 0:
00:07]} 8. Bh4 {[%emt 0:00:02]} d6 {[%emt 0:00:12]} 9. Bb5 {[%emt 0:00:54]} a6
{[%emt 0:02:21]} 10. Bxc6+ {[%emt 0:00:08]} bxc6 {[%emt 0:00:01]} 11. Qe2 {
[%emt 0:00:06]} O-O {[%emt 0:00:48]} 12. O-O-O {[%emt 0:00:03]} Qe7 {[%emt 0:
00:02]} 13. f3 {[%emt 0:00:01]} Qe5 {[%emt 0:00:43]} 14. g4 {[%emt 0:01:25]} d5
{[%emt 0:00:39]} 15. Bxf6 {[%emt 0:02:42]} Qxf6 {[%emt 0:00:09]} 16. exd5 {
[%emt 0:00:02]} Bb7 {[%emt 0:00:09]} 17. Kb1 {[%emt 0:06:07]} Rfe8 {[%emt 0:00:
54]} 18. Qg2 {[%emt 0:00:35]} Rad8 {[%emt 0:00:12]} 19. Ne4 {[%emt 0:00:03]}
Qg6 {[%emt 0:00:40]} 20. Nbc5 {[%emt 0:01:30]} Bc8 {[%emt 0:00:07]} 21. Nd3 {
[%emt 0:02:28]} cxd5 {[%emt 0:00:35]} 22. Nf4 {[%emt 0:00:16]} Qc6 {[%emt 0:00:
02]} 23. Nc3 {[%emt 0:00:01]} d4 {[%emt 0:01:24]} 24. Ne4 {[%emt 0:00:01]} d3 {
[%emt 0:02:04]} 25. Rxd3 {[%emt 0:00:19]} Rxd3 {[%emt 0:00:15]} 26. Nxd3 {
[%emt 0:00:02]} f5 {[%emt 0:00:06]} 27. gxf5 {[%emt 0:00:13]} Bxf5 {[%emt 0:00:
01]} 28. Re1 {[%emt 0:00:06]} Kh8 {[%emt 0:00:10]} 29. Qg3 {[%emt 0:01:05]} Qd5
{[%emt 0:02:13]} 30. Qf4 {[%emt 0:01:01]} Bg6 {[%emt 0:00:18]} 31. Qg3 {
[%emt 0:00:31]} Bf7 {[%emt 0:00:30]} 32. Nc3 {[%emt 0:00:08]} Rxe1+ {[%emt 0:
00:03]} 33. Qxe1 {[%emt 0:00:24]} Qxf3 {[%emt 0:01:27]} 34. Ne5 {[%emt 0:00:01]
} Qf5 {[%emt 0:00:03]} 35. Nxf7+ {[%emt 0:00:01]} Qxf7 {[%emt 0:00:01]} 36. a3
{[%emt 0:00:08]} Ba5 {[%emt 0:00:52]} 37. b4 {[%emt 0:00:23]} Bb6 {[%emt 0:00:
01]} 38. Qe4 {[%emt 0:00:02]} Qf1+ {[%emt 0:00:59]} 39. Kb2 {[%emt 0:00:01]}
Qf2 {[%emt 0:00:05]} 40. Qe8+ {[%emt 0:00:13]} Kh7 {[%emt 0:00:01]} 41. Qe4+ {
[%emt 0:00:01]} Kh8 {[%emt 0:00:01]} 42. Nd5 {[%emt 0:00:37]} Qxh2 {[%emt 0:00:
15]} 43. Qe8+ {[%emt 0:00:01]} Kh7 {[%emt 0:00:01]} 44. Qe4+ {[%emt 0:00:01]}
Kh8 {[%emt 0:00:01]} 45. Ne7 {[%emt 0:00:21]} Qd6 {[%emt 0:00:23]} 46. Qa8+ {
[%emt 0:00:02]} 1-0

[Event "European Rapid Championship 2021"]
[Site "Katowice"]
[Date "2021.12.19"]
[Round "9.30"]
[White "Musial, Tomasz"]
[Black "Chojnacki, Slawomir"]
[Result "1-0"]
[WhiteElo "1916"]
[BlackElo "2165"]
[Annotator "NA"]
[PlyCount "63"]
[EventDate "2021.12.18"]
[EventType "swiss"]
[EventCountry "POL"]
[SourceTitle "playchess.com"]
[Source "ChessBase"]
[SourceQuality "1"]
[TimeControl "900+10"]

1. d4 {[%emt 0:00:01]} d5 {[%emt 0:00:15]} 2. c4 {[%emt 0:00:02]} e6 {[%emt 0:
00:01]} 3. Nf3 {[%emt 0:00:01]} Nf6 {[%emt 0:00:01]} 4. g3 {[%emt 0:00:02]} b6
{[%emt 0:00:06]} 5. cxd5 {[%emt 0:00:06]} Nxd5 {[%emt 0:00:10]} 6. Bg2 {
[%emt 0:00:13]} Bb7 {[%emt 0:00:01]} 7. O-O {[%emt 0:00:03]} Be7 {[%emt 0:00:
01]} 8. Ne5 {[%emt 0:01:14]} O-O {[%emt 0:00:14]} 9. e4 {[%emt 0:00:15]} Nf6 {
[%emt 0:00:16]} 10. Nc3 {[%emt 0:00:04]} Nbd7 {[%emt 0:00:23]} 11. Nc4 {
[%emt 0:01:15]} Bb4 {[%emt 0:01:09]} 12. Re1 {[%emt 0:02:47]} b5 {[%emt 0:02:
29]} 13. Nd2 {[%emt 0:00:07]} a6 {[%emt 0:00:10]} 14. a3 {[%emt 0:00:38]} Ba5 {
[%emt 0:00:55]} 15. e5 {[%emt 0:01:25]} Bxg2 {[%emt 0:01:08]} 16. exf6 {
[%emt 0:00:18]} Bb7 {[%emt 0:00:03]} 17. fxg7 {[%emt 0:00:22]} Re8 {[%emt 0:02:
06]} 18. Nde4 {[%emt 0:00:40]} f5 {[%emt 0:01:17]} 19. Ng5 {[%emt 0:01:13]} Nf6
{[%emt 0:01:52]} 20. b4 {[%emt 0:01:26]} Bb6 {[%emt 0:00:01]} 21. Nxe6 {
[%emt 0:00:18]} Rxe6 {[%emt 0:01:35]} 22. Rxe6 {[%emt 0:00:03]} Bxd4 {[%emt 0:
00:18]} 23. Qb3 {[%emt 0:01:42]} Kxg7 {[%emt 0:00:07]} 24. Bg5 {[%emt 0:00:27]}
Bxf2+ {[%emt 0:00:47]} 25. Kxf2 {[%emt 0:02:02]} Ng4+ {[%emt 0:00:05]} 26. Ke1
{[%emt 0:00:23]} Qxg5 {[%emt 0:00:20]} 27. Rd1 {[%emt 0:00:37]} Nxh2 {[%emt 0:
00:12]} 28. Ne2 {[%emt 0:00:33]} Rd8 {[%emt 0:02:42]} 29. Qc3+ {[%emt 0:00:28]}
Kg8 {[%emt 0:00:20]} 30. Qxc7 {[%emt 0:00:31]} Rxd1+ {[%emt 0:00:48]} 31. Kxd1
{[%emt 0:00:01]} Qh5 {[%emt 0:00:01]} 32. Re7 {[%emt 0:00:38]} 1-0

[Event "European Rapid Championship 2021"]
[Site "Katowice"]
[Date "2021.12.19"]
[Round "10.1"]
[White "Balog, Imre"]
[Black "Motylev, Alexander"]
[Result "1/2-1/2"]
[WhiteElo "2629"]
[BlackElo "2703"]
[Annotator "TA"]
[PlyCount "157"]
[EventDate "2021.12.18"]
[EventType "swiss"]
[EventCountry "POL"]
[SourceTitle "playchess.com"]
[Source "ChessBase"]
[SourceQuality "1"]

{[%evp 11,157,10,14,4,31,31,33,10,14,20,24,0,22,-17,0,0,0,0,0,0,0,-7,0,-6,7,0,
0,0,22,-10,-12,-10,-13,-18,-13,-25,-29,-30,-27,-24,-27,-27,-25,-33,34,0,0,0,0,
0,0,-6,0,0,0,-12,-12,-26,-24,-39,-39,-42,0,-111,-112,-120,-28,-28,-17,-18,-25,
-8,0,0,0,0,0,0,0,0,0,-1,0,0,0,0,0,0,8,8,8,0,0,0,8,8,8,0,0,0,0,0,8,0,0,0,0,0,0,
0,0,0,0,0,0,0,0,0,0,0,0,0,0,0,0,0,0,0,0,0,0,0,0,0,0,0,0,0,0,0,0,0,0,0,0,0,0,0]
} 1. d4 d5 2. Nf3 Nf6 3. c4 c6 4. Qb3 e6 5. Bg5 Nbd7 6. Nc3 h6 {6...Qa5 is
setting a new trend.} 7. Bh4 {D43: Semi-Slav: 5 Bg5 h6.} g5 8. Bg3 Nh5 9. e3 {
White is slightly better.} (9. O-O-O $5 {[%cal Rc4d5]}) 9... Nxg3 10. hxg3 Bg7
11. Bd3 {[#]} Qe7 $146 ({Predecessor:} 11... a6 12. cxd5 cxd5 13. a4 O-O 14. g4
b6 15. Qc2 Bb7 16. Qd2 Re8 17. Ne2 Rc8 {1-0 (67) Sjugirov,S (2957)-Quesada
Perez,Y (2837) Chess.com INT 2019}) 12. Rc1 O-O 13. cxd5 exd5 14. Qc2 Re8 15.
Bh7+ Kf8 16. Bf5 Kg8 17. O-O Nf8 18. Rfe1 Bxf5 19. Qxf5 Ng6 20. e4 dxe4 21.
Rxe4 Qf6 22. Qg4 Qd6 23. Rce1 Rxe4 24. Nxe4 Qd5 25. Nc3 {[#]} f5 $1 26. Qh5 Qf7
27. d5 Re8 ({Black should play} 27... g4 $15 28. Nh4 Nxh4 29. Qxh4 cxd5) 28.
dxc6 {Strongly threatening Rxe8+.} (28. Rxe8+ {is interesting.} Qxe8 29. d6 Kf7
30. g4 f4 31. Nh4) 28... bxc6 29. Rd1 Ne5 {[%cal Bg6e5,Be5g4,Bg4f6,Bf6e4][%mdl
32]} 30. Qxf7+ Kxf7 31. Na4 Ng4 {...Re2 is the strong threat.} 32. Kf1 {
Inhibits Re2.} Nf6 33. Rd6 Ne4 34. Rd7+ ({Much weaker is} 34. Rxc6 g4 35. Rc7+
Kg8 36. Rxa7 (36. Nh4 $2 Nd2+ 37. Kg1 Re1+ 38. Kh2 Nf1+ 39. Kg1 Nxg3+ 40. Kh2
Nf1+ 41. Kh1 Nd2+ 42. Kh2 Nf1+ 43. Kg1 Nd2+ 44. Kh2 Be5+ 45. g3 Bxc7 $19) 36...
gxf3 37. gxf3 Ng5 $17) 34... Re7 35. Rd1 c5 36. b3 Bf6 (36... h5 $15 {was
preferrable.}) 37. Rd5 (37. Nd2 $1 $11) 37... Ke6 $17 38. Rd3 {[#]} Rc7 (38...
Rd7 $1 $17 {[%cal Rd7d3]} 39. Rxd7 Kxd7) 39. Nd2 $1 $11 Bd4 40. Nxe4 fxe4 {
[%mdl 4096] Endgame KRB-KRN} 41. Rd2 Rf7 {Hoping for ...e3. The position is
equal.} 42. Rc2 e3 {[%cal Rf7f2]} 43. f3 g4 44. Ke2 Rf5 45. Rc1 gxf3+ 46. gxf3
Rh5 {Threatens to win with ...Rh2+.} 47. Kd3 Kd5 48. Nc3+ Bxc3 49. Rxc3 {KR-KR}
Rh3 50. Kxe3 {Black must now prevent g4.} Rxg3 51. Rc4 Rg6 52. Rh4 Re6+ 53. Kd3
Rf6 54. Rh5+ Kc6 55. Ke4 Re6+ 56. Kd3 Rf6 57. Rh3 Kd5 58. Ke3 Re6+ 59. Kf2 Ra6
60. Ke3 {aiming for Rh5+.} Rxa2 61. Rh5+ Kc6 62. Rxh6+ Kd5 63. Rh5+ Kc6 64. Kd3
Rb2 65. Kc3 Rf2 66. Rf5 a5 67. Rf8 Kd5 68. f4 Rf3+ 69. Kb2 Kd6 70. Rf6+ Ke7 71.
Rf5 Kd6 72. Ka2 Kc6 73. Rf8 Kd6 74. Kb2 Ke7 75. Rf5 Kd6 76. Kc2 Kc6 77. Rf7 Kd5
78. f5 c4 79. bxc4+ {Weighted Error Value: White=0.08 (flawless) /Black=0.09 
(flawless)} 1/2-1/2

[Event "European Rapid Championship 2021"]
[Site "Katowice"]
[Date "2021.12.19"]
[Round "10.1"]
[White "Gretarsson, Helgi Ass"]
[Black "Kacprzak, Kacper"]
[Result "1-0"]
[WhiteElo "2476"]
[BlackElo "2042"]
[Annotator "ChessBase"]
[PlyCount "71"]
[EventDate "2021.12.18"]
[EventType "swiss"]
[EventCountry "POL"]
[SourceTitle "playchess.com"]
[Source "ChessBase"]
[SourceQuality "1"]
[TimeControl "900+10"]

1. c4 {[%emt 0:00:01]} c5 {[%emt 0:00:04]} 2. g3 {[%emt 0:00:02]} Nc6 {[%emt 0:
00:02]} 3. Bg2 {[%emt 0:00:01]} g6 {[%emt 0:00:02]} 4. Nc3 {[%emt 0:00:05]} Bg7
{[%emt 0:00:02]} 5. e3 {[%emt 0:00:02]} e6 {[%emt 0:00:04]} 6. Nge2 {[%emt 0:
00:04]} Nge7 {[%emt 0:00:07]} 7. d4 {[%emt 0:03:45]} cxd4 {[%emt 0:00:02]} 8.
exd4 {[%emt 0:00:01]} d5 {[%emt 0:00:02]} 9. cxd5 {[%emt 0:00:01]} Nxd5 {
[%emt 0:00:02]} 10. O-O {[%emt 0:00:21]} O-O {[%emt 0:00:03]} 11. Be3 {[%emt 0:
01:01]} Nxe3 {[%emt 0:01:47]} 12. fxe3 {[%emt 0:00:01]} Qg5 {[%emt 0:00:13]}
13. Qd2 {[%emt 0:00:59]} Rd8 {[%emt 0:00:04]} 14. Ne4 {[%emt 0:02:11]} Qe7 {
[%emt 0:00:44]} 15. Qc3 {[%emt 0:01:41]} Bd7 {[%emt 0:02:06]} 16. Qc5 {[%emt 0:
00:01]} Qxc5 {[%emt 0:03:03]} 17. Nxc5 {[%emt 0:00:02]} Rab8 {[%emt 0:00:01]}
18. Rac1 {[%emt 0:00:54]} Be8 {[%emt 0:00:45]} 19. Rfd1 {[%emt 0:01:39]} Rdc8 {
[%emt 0:02:34]} 20. a3 {[%emt 0:01:11]} Nd8 {[%emt 0:00:12]} 21. Kf2 {[%emt 0:
00:30]} Bc6 {[%emt 0:00:31]} 22. e4 {[%emt 0:00:08]} Bb5 {[%emt 0:00:50]} 23.
e5 {[%emt 0:00:56]} b6 {[%emt 0:01:46]} 24. Ne4 {[%emt 0:00:04]} Bf8 {[%emt 0:
00:15]} 25. N2c3 {[%emt 0:00:09]} Bc4 {[%emt 0:00:09]} 26. Nf6+ {[%emt 0:00:10]
} Kg7 {[%emt 0:00:25]} 27. Nd7 {[%emt 0:00:01]} Bb3 {[%emt 0:00:18]} 28. Re1 {
[%emt 0:00:24]} Rb7 {[%emt 0:00:35]} 29. Bxb7 {[%emt 0:00:03]} Nxb7 {[%emt 0:
00:01]} 30. Nxf8 {[%emt 0:00:01]} Kxf8 {[%emt 0:00:08]} 31. Ne4 {[%emt 0:00:03]
} Rd8 {[%emt 0:00:09]} 32. Rc7 {[%emt 0:00:02]} Bd5 {[%emt 0:00:13]} 33. Nf6 {
[%emt 0:00:23]} Na5 {[%emt 0:00:04]} 34. Rec1 {[%emt 0:00:02]} Bb7 {[%emt 0:00:
23]} 35. b4 {[%emt 0:00:11]} Nb3 {[%emt 0:00:01]} 36. R1c3 {[%emt 0:00:01]} 1-0

[Event "European Rapid Championship 2021"]
[Site "Katowice"]
[Date "2021.12.19"]
[Round "10.2"]
[White "Krasenkow, Michal"]
[Black "Bernadskiy, Vitaliy"]
[Result "1/2-1/2"]
[WhiteElo "2576"]
[BlackElo "2616"]
[Annotator "ChessBase"]
[PlyCount "76"]
[EventDate "2021.12.18"]
[EventType "swiss"]
[EventCountry "POL"]
[SourceTitle "playchess.com"]
[Source "ChessBase"]
[SourceQuality "1"]
[TimeControl "900+10"]

1. Nf3 {[%emt 0:00:02]} c5 {[%emt 0:00:20]} 2. c4 {[%emt 0:00:01]} Nf6 {
[%emt 0:00:01]} 3. Nc3 {[%emt 0:00:01]} e6 {[%emt 0:00:02]} 4. g3 {[%emt 0:00:
15]} d5 {[%emt 0:00:26]} 5. cxd5 {[%emt 0:00:05]} Nxd5 {[%emt 0:00:25]} 6. Bg2
{[%emt 0:00:14]} Be7 {[%emt 0:00:12]} 7. O-O {[%emt 0:00:29]} Nc6 {[%emt 0:00:
50]} 8. d4 {[%emt 0:00:09]} O-O {[%emt 0:00:45]} 9. e4 {[%emt 0:00:15]} Ndb4 {
[%emt 0:00:58]} 10. a3 {[%emt 0:00:20]} cxd4 {[%emt 0:00:08]} 11. axb4 {
[%emt 0:00:01]} dxc3 {[%emt 0:00:01]} 12. bxc3 {[%emt 0:00:01]} Bf6 {[%emt 0:
00:31]} 13. Qb3 {[%emt 0:00:22]} Qd3 {[%emt 0:00:19]} 14. Bb2 {[%emt 0:04:44]}
Qxe4 {[%emt 0:00:17]} 15. Rfd1 {[%emt 0:00:09]} e5 {[%emt 0:00:55]} 16. Ng5 {
[%emt 0:02:22]} Qg6 {[%emt 0:00:36]} 17. Ne4 {[%emt 0:00:17]} Be7 {[%emt 0:01:
30]} 18. b5 {[%emt 0:00:15]} Be6 {[%emt 0:00:28]} 19. Qa4 {[%emt 0:00:36]} Nb8
{[%emt 0:01:09]} 20. Nd6 {[%emt 0:00:50]} Bxd6 {[%emt 0:00:24]} 21. Rxd6 {
[%emt 0:00:08]} Nd7 {[%emt 0:00:02]} 22. Qb4 {[%emt 0:00:55]} Rab8 {[%emt 0:01:
40]} 23. Be4 {[%emt 0:00:24]} Qh5 {[%emt 0:01:04]} 24. Rxa7 {[%emt 0:00:10]}
Nf6 {[%emt 0:00:07]} 25. Bg2 {[%emt 0:02:34]} Rbd8 {[%emt 0:02:08]} 26. Rxd8 {
[%emt 0:01:43]} Rxd8 {[%emt 0:00:03]} 27. Qd6 Qd1+ {[%emt 0:01:49]} 28. Qxd1 {
[%emt 0:00:08]} Rxd1+ {[%emt 0:00:02]} 29. Bf1 {[%emt 0:00:01]} g5 {[%emt 0:01:
21]} 30. Ra1 {[%emt 0:00:20]} Rxa1 {[%emt 0:00:02]} 31. Bxa1 {[%emt 0:00:01]}
Ne4 {[%emt 0:00:01]} 32. Bg2 {[%emt 0:00:23]} Nc5 {[%emt 0:00:58]} 33. b6 {
[%emt 0:00:14]} e4 {[%emt 0:00:44]} 34. c4 {[%emt 0:00:17]} Bxc4 {[%emt 0:00:
01]} 35. Bf6 {[%emt 0:00:14]} g4 {[%emt 0:00:18]} 36. Be7 {[%emt 0:00:03]} Nd7
{[%emt 0:00:08]} 37. Bxe4 {[%emt 0:00:04]} Nxb6 {[%emt 0:00:09]} 38. Bxb7 {
[%emt 0:00:08]} Bd5 {[%emt 0:00:03]} 1/2-1/2